01977nam a22002537a 4500003000400000005001700004008004100021020002200062082002200084100003200106245007600138250001800214260005500232300002300287490002800310520112000338650001501458650001801473650001301491700004401504942001501548952014501563999001501708OSt20260521102904.0260225b |||||||| |||| 00| 0 spa d a978-9942-7265-8-2 2978-9942-7265-8-2 aCisneros Abedrabbo, Gabriel aDesde el Andamio 42 Órgano de Difusión de la Gran logia del Ecuador a1ra Edición aEcuadorbEditorial Pedagógica Freirec2024-11-26 b160 pag.c21x29cm. 3Tapa blanda o rústica a"En agosto de 1975 se constituyó la Serenísima Gran Logia Nacional del Ecuador, en esta se vio la necesidad de tener un espacio para la construcción de contenidos y para di-fundir el trabajo de sus obreros. Así nació la Revista Masónica del Ecuador. Hace cuarenta y cinco años, en noviembre de 1979, se constituyó la Gran Logia Equinoccial del Ecuador. En 1980, los Grandes Maestros de estas potencias, Geovany Pantaleone y Pablo Guerrero Torres, en un acto de profunda generosidad, pusieron a disposición sus cargos para unir a la masonería quítense en una Gran Logia Equinoccial del Ecuador fortalecida en el mallete dorado de Ricardo López Pinto. ...Han pasado 49 años de ese primer número, estamos próximos a conmemorar el cincuentenario de la revista y muchos de los relatos de la época no han perdido vigencia. Así, es necesario que la masonería global trabaje más en la fraternidad, que se entienda que la regularidad de origen debe estar siempre conectada a la regularidad de los trabajos, y que más allá de los reconocimientos, está el servicio a los demás... aSimbolismo aTemplo Social aCarranza aGabriel (Director del equipo editorial) 2ddccBKn0 00102ddc40708F02aISUSbISUScBiblioteca Abiertad2026-02-11f0447i0447l0oLECTURApBIBLIO0447r2026-02-25 18:05:53t1w2026-02-25yBK c2017d2017